The essential Chaucer : an annotated bibliography of major modern studies /

Bibliographic Details
Main Author: Allen, Mark (Mark Edward)
Other Authors: Fisher, John H.
Format: Book
Language:English
Published: Boston, Mass. : G.K. Hall, [1987]
Series:Reference publication in literature.
Subjects:

MARC

Tag First Indicator Second Indicator Subfields
LEADER 00000cam a22000008a 4500
001 in00000008067
005 20151002070129.0
008 870611s1987 mau b 00110 eng
010 |a  87017682  
020 |a 0816187398 
035 |a (OCoLC)16085648 
035 |9 AAA0422AM 
040 |a DLC  |c DLC  |d m/c  |d TXA  |d UtOrBLW 
049 |a TXAM  |c [A12563574] 
050 0 0 |a Z8164  |b .A43 1987  |a PR1905 
100 1 |a Allen, Mark  |q (Mark Edward) 
245 1 4 |a The essential Chaucer :  |b an annotated bibliography of major modern studies /  |c Mark Allen and John H. Fisher. 
264 1 |a Boston, Mass. :  |b G.K. Hall,  |c [1987] 
264 4 |c ©1987 
300 |a xiii, 243 pages 
336 |a text  |b txt  |2 rdacontent 
337 |a unmediated  |b n  |2 rdamedia 
338 |a volume  |b nc  |2 rdacarrier 
490 1 |a A Reference publication in literature 
500 |a Includes index. 
600 1 0 |a Chaucer, Geoffrey,  |d -1400  |x Bibliography. 
600 1 0 |a Chaucer, Geoffrey,  |d -1400  |x Criticism and interpretation. 
700 1 |a Fisher, John H. 
830 0 |a Reference publication in literature. 
999 |a MARS 
999 f f |s fe30ff39-d36e-3e42-8577-eb8c2fd5c7f3  |i 3076dae0-e2de-3a72-b253-b0f736d65f6e  |t 0 
952 f f |p ric  |a Texas A&M University  |b Rellis Campus  |c Joint Library Facility  |d Remote Storage  |t 0  |e Z8164 .A43 1987  |h Library of Congress classification  |i unmediated -- volume  |l 1987  |m A14812563574 
998 f f |a Z8164 .A43 1987  |t 0  |l Remote Storage